Statistics for Geometry Dash Dumb Test

Click here to take the quiz!

General Stats

  • This quiz has been taken 66 times
  • The average score is 5 of 7

Answer Stats

QuestionAnswer% Correct
Which of these is not a real demon rating?Normal Demon
96%
How many stars do you get from beating a normal rated level?3
80%
Which of these would be considered a memory demon?Maybe Possibly Thing
76%
How many official levels are there?21
75%
Which of these levels was NOT made in update 1.9?Ice carbon diablo X
64%
Which of these is the most subscribed Geometry Dash youtuber (out of these 4)Partition Zion
64%
Which of these was NOT considered the hardest level in the game at some point?Firewall
58%

Score Distribution

Percentile by Number Answered

Percent of People with Each Score

Your Score History

You have not taken this quiz